Ciencias Sociales en América Latina y el Caribe

保存先:
書誌詳細
団体著者: CLACSO
フォーマット: テキスト
出版事項: Buenos Aires: CENEDIC. CLACSO
タグ: タグ追加
タグなし, このレコードへの初めてのタグを付けませんか!

MARC

LEADER 00000 a a2200000 04500
001 29876
003
040
090 |a 194118  |b RECURSO ELECTRONICO  
110 |a CLACSO  
245 |a Ciencias Sociales en América Latina y el Caribe  
260 |a Buenos Aires:   |b CENEDIC. CLACSO  
500 |a Debe ser instalado.También impreso Debe ser instalado.También impreso en NA 201800  
999 |c 5398  |d 5398